| 000 | 00000nas 2200000zi 4500 |
| 001 | 9.501104 |
| 003 | CaOODSP |
| 005 | 20221107132937 |
| 006 | m go d f |
| 007 | cr ||||||||||| |
| 008 | 150406d20052015oncax p o f0 b0fre|d |
| 022 | |a2291-8507 |
| 040 | |aCaOODSP|bfre|erda|cCaOODSP |
| 043 | |an-cn--- |
| 086 | 1 |aE78-1/2F-PDF|zFR2-6F-PDF |
| 245 | 00|aRapport sur les exportations de matériel militaire du Canada. |
| 264 | 1|a[Ottawa] : |bAffaires étrangères et Commerce international Canada. |
| 310 | |aAnnuel (irrègulier) |
| 336 | |atexte|btxt|2rdacontent/fre |
| 337 | |ainformatique|bc|2rdamedia/fre |
| 338 | |aressource en ligne|bcr|2rdacarrier/fre |
| 362 | 1 |aParaît depuis 2003-2005; ne paraît plus après 2015. |
| 500 | |aPublié aussi en anglais sous le titre : Report on export of military goods from Canada. |
| 515 | |aLes livraisons de 2007-2013 n'ont pas été publié. |
| 550 | |aPublié par la Direction des Contrôles à l’exportation, Direction générale des Contrôles à l’exportation et à l’importation. |
| 588 | |aDescription d'après : 2003-2005. |
| 588 | |aDernière livraison consultée : 2015. |
| 692 | 07|2gccst|aArme offensive |
| 692 | 07|2gccst|aCoopération internationale |
| 692 | 07|2gccst|aExportation |
| 692 | 07|2gccst|aLimitation des armements |
| 692 | 07|2gccst|aPolitique |
| 692 | 07|2gccst|aSécurité internationale |
| 710 | 1 |aCanada.|bAffaires étrangères et Commerce international. |bDirection générale des contrôles à l'exportation et à l'importation. |
| 775 | 08|tReport on export of military goods from Canada. |w(CaOODSP)9.504691 |
| 780 | 00|tExport of military goods from Canada, … annual report. |w(CaOODSP)9.880282 |
| 785 | 00|tLes exportations de marchandises militaires.|w(CaOODSP)9.880284 |